000 00217nam a22001097a 4500
041 _aeng
080 _a80
100 _aHalzey, William
245 _aSchool Dictionary Macmillan
650 _aReference
999 _c278105
_d278105
942 _cBK